Marine photosynthesis with special emphasis on the ecological aspects
Đã lưu trong:
| Tác giả chính: | |
|---|---|
| Định dạng: | Sách |
| Ngôn ngữ: | Tiếng Anh |
| Được phát hành: |
Amsterdam
Elsevier Scientific Publishing Company
1975
|
| Loạt: | Elsevier Oceanography Series, 13
|
| Những chủ đề: | |
| Các nhãn: |
Thêm thẻ
Không có thẻ, Là người đầu tiên thẻ bản ghi này!
|
MARC
| LEADER | 00000nam a2200000 a 4500 | ||
|---|---|---|---|
| 001 | UCR5401 | ||
| 003 | CL-VaPUC | ||
| 008 | 980327e19750000NE |||||||||||||||||eng|d | ||
| 082 | 0 | 4 | |a 581.526 |b STE |2 21 |
| 100 | 0 | |a Steemann Nielsen, E |e author |9 406302 | |
| 245 | 1 | 0 | |a Marine photosynthesis with special emphasis on the ecological aspects |
| 300 | |a 141 p | ||
| 942 | |c BK | ||
| 945 | |d 19980327 00:00:00 |a crobeson | ||
| 260 | |a Amsterdam |b Elsevier Scientific Publishing Company |c 1975 | ||
| 650 | 0 | |a Fotosíntesis |9 261610 | |
| 650 | 0 | |a Ecosistemas marinos |9 343701 | |
| 650 | 0 | |a Ecología marina |9 259946 | |
| 583 | |a last modification |c 19980327 00:00:00 |k Rodrigo Vera | ||
| 490 | 0 | |a Elsevier Oceanography Series, 13 | |
| 999 | |c 268006 |d 268004 | ||
| 952 | |0 0 |1 0 |2 ddc |4 0 |6 581_526000000000000_STE_1975 |7 0 |8 CCM |9 300861 |a BIBCUR |b BIBCUR |c PAC |d 2019-11-20 |i 1969676 |o 581.526 STE 1975 |p 1969676 |r 2025-04-22 |w 2019-11-20 |y BK |k CIM | ||